Marketing / (Record no. 20341)

MARC details
000 -LEADER
fixed length control field 00453nam a22001817a 4500
003 - CONTROL NUMBER IDENTIFIER
control field OSt
008 - FIXED-LENGTH DATA ELEMENTS--GENERAL INFORMATION
fixed length control field 240215b2016 |||||||| |||| 00| 0 eng d
020 ## - INTERNATIONAL STANDARD BOOK NUMBER
International Standard Book Number 9789352606306
082 ## - DEWEY DECIMAL CLASSIFICATION NUMBER
Classification number 658.8
Item number GRE-M
100 ## - MAIN ENTRY--PERSONAL NAME
Personal name Grewal, Dhruv
245 ## - TITLE STATEMENT
Title Marketing /
Statement of responsibility, etc Dhruv Grewal and Michael Levy.
250 ## - EDITION STATEMENT
Edition statement 5th
260 ## - PUBLICATION, DISTRIBUTION, ETC. (IMPRINT)
Place of publication, distribution, etc Chennai :
Name of publisher, distributor, etc McGraw-Hill,
Date of publication, distribution, etc 2016.
300 ## - PHYSICAL DESCRIPTION
Extent / Pages li, 679 p. ;
650 ## - SUBJECT ADDED ENTRY--TOPICAL TERM
Topical term or geographic name as entry element Marketing
700 ## - ADDED ENTRY--PERSONAL NAME
Personal name Levy, Michael
942 ## - ADDED ENTRY ELEMENTS (KOHA)
Source of classification or shelving scheme
Koha item type Books
942 ## - ADDED ENTRY ELEMENTS (KOHA)
-- 1
Holdings
Withdrawn status Lost status Source of classification or shelving scheme Damaged status Not for loan Home library Current library Date acquired Total Checkouts Full call number Barcode Date last seen Date last borrowed Copy number Bill Date Koha item type
          SOBD Library SOBD Library 15/02/2024 1 658.8 GRE-M1 SD2035 25/11/2025 23/09/2025 1 15/02/2024 Books
Hosted, Implemented, Customized & Maintained by: BestBookBuddies

Powered by Koha